LINA , THE BEE / (رقم التسجيلة. 135925)
[ عرض عادي ]
| 000 -LEADER | |
|---|---|
| fixed length control field | 00497nam a22001937a 4500 |
| 005 - DATE AND TIME OF LATEST TRANSACTION | |
| control field | 20251108175520.0 |
| 008 - FIXED-LENGTH DATA ELEMENTS--GENERAL INFORMATION | |
| fixed length control field | 250721s2007 xx 000 0 eng d |
| 082 14 - DEWEY DECIMAL CLASSIFICATION NUMBER | |
| Classification number | J/F/HAS |
| 100 1# - MAIN ENTRY--PERSONAL NAME | |
| Personal name | HASSANIN, TAREK |
| 245 10 - TITLE STATEMENT | |
| Title | LINA , THE BEE / |
| 264 1# - PRODUCTION, PUBLICATION, DISTRIBUTION, MANUFACTURE, AND COPYRIGHT NOTICE | |
| Place of production, publication, distribution, manufacture | QALUBEIA : |
| Name of producer, publisher, distributor, manufacturer | SANABEL COMPANY, |
| Date of production, publication, distribution, manufacture, or copyright notice | 2007. |
| 300 ## - PHYSICAL DESCRIPTION | |
| Extent | 16P. |
| 490 0# - SERIES STATEMENT | |
| Series statement | SANABEL STORIES |
| 650 17 - SUBJECT ADDED ENTRY--TOPICAL TERM | |
| Topical term or geographic name as entry element | FICTION |
| 650 17 - SUBJECT ADDED ENTRY--TOPICAL TERM | |
| Topical term or geographic name as entry element | CHILDREN |
| 653 ## - INDEX TERM--UNCONTROLLED | |
| Uncontrolled term | مرحلة اطفال متوسطة (6-9)سنوات |
| 942 ## - ADDED ENTRY ELEMENTS (KOHA) | |
| Source of classification or shelving scheme | Dewey Decimal Classification |
| Koha item type | كتب |
| حالة السحب | حالة الفقدان | مصدر التصنيف | حالة التلف | غير قابل للإعارة | المكتبة الرئيسية | المكتبة الحالية | موقع الرف | تاريخ التزويد | الرقم المتسلسل | Total Checkouts | رقم الإستدعاء | الباركود | تاريخ آخر ظهور | تاريخ الفاتورة | نوع المادة (كوها) |
|---|---|---|---|---|---|---|---|---|---|---|---|---|---|---|---|
| Dewey Decimal Classification | المكتبة المركزية | المكتبة المركزية | الأطفال | 28/07/2025 | 1648040 | J/F/HAS | PLD00402293 | 28/07/2025 | 28/07/2025 | كتب | |||||
| Dewey Decimal Classification | المكتبة المركزية | المكتبة المركزية | الأطفال | 22/12/2016 | 1648041 | J/F/HAS | PLD00402467 | 28/07/2025 | 22/12/2016 | كتب | |||||
| Dewey Decimal Classification | المكتبة المركزية | المكتبة المركزية | مقتنيات قسم التزويد | 28/07/2025 | 1648042 | J/F/HAS | 28/07/2025 | 28/07/2025 | كتب | ||||||
| Dewey Decimal Classification | مكتبة أبو علندا العامة | مكتبة أبو علندا العامة | الأطفال | 22/12/2016 | 1648049 | J/F/HAS | PLD00402474 | 28/07/2025 | 22/12/2016 | كتب | |||||
| Dewey Decimal Classification | مكتبة الأميرة ايمان العامة | مكتبة الأميرة ايمان العامة | الأطفال | 22/12/2016 | 1648045 | J/F/HAS | PLD00402470 | 28/07/2025 | 22/12/2016 | كتب | |||||
| Dewey Decimal Classification | مكتبة البيادر | مكتبة البيادر | الأطفال | 22/12/2016 | 1648043 | J/F/HAS | PLD00402468 | 28/07/2025 | 22/12/2016 | كتب | |||||
| Dewey Decimal Classification | مكتبة الجويدة | مكتبة الجويدة | الأطفال | 22/12/2016 | 1648047 | J/F/HAS | PLD00402472 | 28/07/2025 | 22/12/2016 | كتب | |||||
| Dewey Decimal Classification | مكتبة الراية الهاشمية للأطفال | مكتبة الراية الهاشمية للأطفال | الأطفال | 22/12/2016 | 1648044 | J/F/HAS | PLD00402469 | 28/07/2025 | 22/12/2016 | كتب | |||||
| Dewey Decimal Classification | مكتبة حمزة العامة | مكتبة حمزة العامة | الأطفال | 22/12/2016 | 1648048 | J/F/HAS | PLD00402473 | 28/07/2025 | 22/12/2016 | كتب | |||||
| Dewey Decimal Classification | مكتبة مرج الحمام | مكتبة مرج الحمام | الأطفال | 22/12/2016 | 1648046 | J/F/HAS | PLD00402471 | 28/07/2025 | 22/12/2016 | كتب |